Εισαγωγή στο κοινοτικό δίκαιο περιβάλλοντος

Αποθηκεύτηκε σε:
Λεπτομέρειες βιβλιογραφικής εγγραφής
Άλλοι συγγραφείς: Σιούτη, Γλυκερία Π. (edtf), Καράκωστας, Iωάννης Κ., 1943- (Επιμελητής έκδοσης)
Μορφή: Βιβλίο
Γλώσσα:Greek
Δημοσίευση: Αθήνα : Σάκκουλας, 1993.
Θέματα:
Ετικέτες: Προσθήκη ετικέτας
Δεν υπάρχουν, Καταχωρήστε ετικέτα πρώτοι!

MARC

LEADER 00000cam a2200000 i 4500
001 1/91744
008 971205s1993 gr | ||| |||| ||gre||
035 |a 1997  |c ΓΡΑΜΜΑΤΕΙΑ ΜΥΤΙΛΗΝΗΣ  |l 10053742 
040 |a GR-MyUA  |b gre  |e AACR2 
041 0 |a gre 
082 7 |a 341.2422   |2 (22) 
245 0 0 |a Εισαγωγή στο κοινοτικό δίκαιο περιβάλλοντος /   |c Ι. Καράκωστας...[κ. ά.] ; επιμέλεια Ι. Καράκωστας, Γλ. Σιούτη.  
260 |a Αθήνα :   |b Σάκκουλας,   |c 1993.  
300 |a 99 σ. ;   |c 23 εκ. 
504 |a Βιβλιογραφία: σ. 91-99.  
650 0 0 |a Law  |z European Economic Community countries. 
650 0 0 |a Environmental law  |z European Economic Community countries. 
650 0 0 |a Environmental law  |z Greece  |x Indexes. 
700 1 |a Σιούτη, Γλυκερία Π.  |e edtf 
700 1 |a Καράκωστας, Iωάννης Κ.,   |d 1943-  |e edt 
852 |a INST  |b CHIOS  |e 19971205  |h 344.046 ΕΙΣ  |p 005200010332  |q 005200010332  |t BK  |y 0 
852 |a INST  |b CHIOS  |e 20000223  |h 344.046 ΕΙΣ  |p 005200018529  |q 005200018529  |t BK  |y 0 
852 |a INST  |b LESVOS  |e 20000322  |h 341.2422 ΕΙΣ  |p 005100020666  |q 005100020666  |t BK  |y 0 
852 |a INST  |b LESVOS  |e 19991103  |h 341.2422 ΕΙΣ  |p 005100022729  |q 005100022729  |t BK  |y 0 
852 |a INST  |b RHODES  |e 20210622  |h 341.2422 ΕΙΣ  |p 005400042167  |q 005400042167  |t BK  |y 0 
852 |a INST  |b SAMOS  |e 19980217  |h 341.2422 ΕΙΣ  |p 005300008610  |q 005300008610  |t BK  |y 0 
901 |a BIBL-1998-1 
901 |a BIBL-1997-3 
901 |a BIBL2-2000-1 
909 |a Σ  |b 050698 
909 |a Λ  |b 069627 
909 |a Λ  |b 072456 
909 |a Χ  |b 048386 
909 |a Χ  |b 074567 
920 |a ΦΟΙΤΗΤΙΚΗ ΜΕΡΙΜΝΑ  |y Λέσβος  |z 1999-12 
922 |a 1ΕΛΗ  |b 199910  |c ΚΠΣ/ΠΜΣ  |d EMVASIS 
950 |a 157-1999-05-28 
970 |z 05/12/1997